[Event "St Louis Fall B 2022"]
[Site "Saint Louis USA"]
[Date "2022.11.05"]
[Round "4.5"]
[White "Harutyunyan, Tigran K."]
[Black "Kadric, Denis"]
[Result "1/2-1/2"]
[WhiteTitle "GM"]
[BlackTitle "GM"]
[WhiteElo "2504"]
[BlackElo "2582"]
[WhiteFideId "13303635"]
[BlackFideId "14403803"]
[EventDate "2022.11.02"]

1. d4 Nf6 2. c4 d6 3. Nf3 Nbd7 4. Nc3 e5 5. e4 g6 6. Be2 Bg7 7. O-O O-O 8. Be3
c6 9. dxe5 dxe5 10. Qd6 Re8 11. h3 Bf8 12. Qd2 Qc7 13. Rfd1 Nc5 14. Qc2 a5 15.
Bxc5 Bxc5 16. Na4 Qe7 17. Nd2 Be6 18. Nb3 Ba7 19. c5 Bxb3 20. axb3 Rad8 21. Qc4
Rd4 22. Rxd4 exd4 23. Bf3 Qe5 24. Rd1 Rd8 25. b4 axb4 26. Qxb4 Rd7 27. Qc4 Kg7
28. b4 Bb8 29. Nb6 Rd8 30. Qd3 Qh2+ 31. Kf1 h5 32. Nc4 Be5 33. Nxe5 Qxe5 34. h4
Ne8 35. Ra1 Nc7 36. Ra7 Rb8 37. g3 Nb5 38. Ra1 Rd8 39. Kg1 Qe6 40. Bd1 Nc3 41.
Bc2 Qe5 42. Ra7 Rd7 43. Ra8 Nb5 44. Kg2 Qe7 45. Ba4 Nc3 46. Bc2 Nb5 47. Ba4 Nc3 1/2-1/2

[Event "St Louis Fall B 2022"]
[Site "Saint Louis USA"]
[Date "2022.11.06"]
[Round "5.1"]
[White "Lenderman, Aleksandr"]
[Black "Harutyunyan, Tigran K."]
[Result "1-0"]
[WhiteTitle "GM"]
[BlackTitle "GM"]
[WhiteElo "2550"]
[BlackElo "2504"]
[WhiteFideId "2021285"]
[BlackFideId "13303635"]
[EventDate "2022.11.02"]

1. d4 d5 2. c4 e6 3. Nf3 Nf6 4. g3 dxc4 5. Bg2 Nc6 6. Qa4 Bb4+ 7. Bd2 Nd5 8.
Bxb4 Nxb4 9. O-O Rb8 10. Nc3 a6 11. Ne5 O-O 12. Nxc6 Nxc6 13. Bxc6 bxc6 14. Qxc4
Qd6 15. b3 Rb4 16. Ne4 Rxc4 17. Nxd6 Rxd4 18. Nc4 e5 19. f3 Re8 20. Kf2 g5 21.
Rac1 Kf8 22. Rfd1 Rxd1 23. Rxd1 e4 24. f4 gxf4 25. gxf4 Be6 26. Ne3 Ke7 27. f5
Bc8 28. Kg3 Kf6 29. Kf4 h5 30. Rg1 Rd8 31. Rc1 Rd6 32. b4 Bd7 33. Rc2 Rd4 34. a3
Rd6 35. h3 Rd4 36. h4 Rd6 37. Kxe4 Rd1 38. Nxd1 Bxf5+ 39. Kf4 Bxc2 40. Ne3 Bb3
41. Nf5 Be6 42. Nd4 Bg4 43. e4 Ke7 44. Nxc6+ Kd6 45. Na5 f6 46. Nc4+ Ke6 47. Ne3
Be2 48. Nd5 c6 49. Ne3 Kf7 50. Nf5 Bb5 51. Ng3 Kg6 52. e5 fxe5+ 53. Kxe5 Bd3 54.
Ne4 Kf7 55. Ng3 Bg6 56. Kd6 Kf6 57. Kxc6 Ke5 58. Kb6 Kf4 59. Nxh5+ Bxh5 60. Kxa6
Ke5 61. b5 Be2 62. a4 Kd6 63. Ka7 Kd7 64. b6 1-0

[Event "St Louis Fall B 2022"]
[Site "Saint Louis USA"]
[Date "2022.11.06"]
[Round "5.2"]
[White "Kadric, Denis"]
[Black "Yoo, Christopher Woojin"]
[Result "0-1"]
[WhiteTitle "GM"]
[BlackTitle "GM"]
[WhiteElo "2582"]
[BlackElo "2573"]
[WhiteFideId "14403803"]
[BlackFideId "30909694"]
[EventDate "2022.11.02"]

1. e4 c5 2. Ne2 Nc6 3. d4 cxd4 4. Nxd4 Nf6 5. Nc3 d6 6. Bg5 e6 7. Bb5 Bd7 8. Qd3
Be7 9. O-O-O h6 10. Bh4 O-O 11. Bxc6 bxc6 12. Nb3 e5 13. Bxf6 gxf6 14. Nd2 Be6
15. Nc4 Rb8 16. Nxd6 Qa5 17. Nf5 Bxf5 18. exf5 Rb4 19. b3 Rfb8 20. Rhe1 Rf4 21.
Kb1 Rd8 22. Qg3+ Kf8 23. Rxd8+ Bxd8 24. Rd1 Bb6 25. Qh3 Ke7 26. Rd3 Rxf2 27. Qh4
Rf1+ 28. Kb2 Bc5 29. Na4 Bf2 30. Qe4 Qe1 31. Qxc6 Qc1+ 32. Kc3 Be1+ 33. Kc4
Qxc2+ 34. Rc3 Bxc3 35. Qc5+ Kd7 36. Qb5+ Kd8 37. Qb8+ Ke7 38. Qxa7+ Kf8 39. Qc5+
Kg7 40. Nxc3 0-1

[Event "St Louis Fall B 2022"]
[Site "Saint Louis USA"]
[Date "2022.11.06"]
[Round "5.3"]
[White "Sadhwani, Raunak"]
[Black "Chirila, Ioan-Cristian"]
[Result "1/2-1/2"]
[WhiteTitle "GM"]
[BlackTitle "GM"]
[WhiteElo "2628"]
[BlackElo "2536"]
[WhiteFideId "35093487"]
[BlackFideId "1211668"]
[EventDate "2022.11.02"]

1. e4 e5 2. Nf3 Nf6 3. d4 Nxe4 4. Bd3 d5 5. Nxe5 Nd7 6. Nc3 Nxe5 7. dxe5 Nxc3 8.
bxc3 Bc5 9. Qh5 Be6 10. Rb1 Qd7 11. Bg5 Bf5 12. Qf3 Bxd3 13. cxd3 O-O 14. d4 f6
15. exf6 Rae8+ 16. Kd2 Be7 17. Rhe1 Bxf6 18. Bxf6 Rxe1 19. Rxe1 Rxf6 20. Qe3 Ra6
21. Qe8+ Qxe8 22. Rxe8+ Kf7 23. Rc8 Rxa2+ 24. Ke3 c6 25. Rc7+ Kf6 26. Rxb7 Rc2
27. Rxa7 Rxc3+ 28. Kd2 Rc4 29. Kd3 c5 30. dxc5 Rxc5 31. Ra6+ Ke5 32. Ra7 Kf6 33.
Ra6+ Ke5 34. Ra7 Kf6 1/2-1/2

[Event "St Louis Fall B 2022"]
[Site "Saint Louis USA"]
[Date "2022.11.06"]
[Round "5.4"]
[White "Kantor, Gergely"]
[Black "Jacobson, Brandon"]
[Result "1-0"]
[WhiteTitle "GM"]
[BlackTitle "GM"]
[WhiteElo "2561"]
[BlackElo "2551"]
[WhiteFideId "751499"]
[BlackFideId "30901561"]
[EventDate "2022.11.02"]

1. d4 g6 2. e4 Bg7 3. Nc3 d6 4. Be3 a6 5. Nf3 Nf6 6. Qd2 O-O 7. Bh6 c5 8. Bxg7
Kxg7 9. dxc5 dxc5 10. Qxd8 Rxd8 11. e5 Nfd7 12. e6 fxe6 13. O-O-O Nc6 14. Ng5
Nf6 15. Bc4 e5 16. Rxd8 Nxd8 17. Re1 b5 18. Bd5 Nxd5 19. Nxd5 h6 20. Ne4 Bb7 21.
Nb6 Ra7 22. Nxc5 Bxg2 23. Rxe5 Nf7 24. Re3 Nd6 25. Ra3 a5 26. b4 a4 27. c4 Bc6
28. Ne6+ Kf6 29. Nd4 Rc7 30. c5 Nf5 31. Nxb5 Rb7 32. Nc3 Nd4 33. Ncxa4 Ra7 34.
Kb2 e5 35. Nc3 Rf7 36. Nd1 Ke6 37. Nc4 Rb7 38. Re3 Rxb4+ 39. Kc3 Rb1 40. Nxe5
Kd5 41. Nd3 Nb5+ 42. Kd2 Kd4 43. Nc1 Bd5 44. a4 Nc7 45. Rc3 Rb4 46. Ne2+ Ke5 47.
Re3+ Kf6 48. Ndc3 Rc4 49. Ng3 Be6 50. Kd3 Rh4 51. Nge4+ Ke7 52. c6 Kd8 53. Nd6
Rxh2 54. Ncb5 Nd5 55. c7+ Nxc7 56. Nxc7 Bd7 57. Nd5 Rxf2 58. a5 Ra2 59. Nf7+ Kc8
60. Nb6+ Kc7 61. Re5 Bf5+ 62. Kd4 h5 63. Nd5+ Kb8 64. Nb4 Rd2+ 65. Kc5 h4 66.
Re8+ Kc7 67. Nd5+ Kb7 68. Nd6+ Ka7 69. Re7+ 1-0

[Event "St Louis Fall B 2022"]
[Site "Saint Louis USA"]
[Date "2022.11.06"]
[Round "5.5"]
[White "Chandra, Akshat"]
[Black "Mikaelyan, Arman"]
[Result "1-0"]
[WhiteTitle "GM"]
[BlackTitle "GM"]
[WhiteElo "2472"]
[BlackElo "2556"]
[WhiteFideId "25006711"]
[BlackFideId "13304852"]
[EventDate "2022.11.02"]

1. e4 e5 2. Nf3 Nc6 3. Bc4 Nf6 4. d3 Bc5 5. c3 O-O 6. Bg5 h6 7. Bh4 Be7 8. Nbd2
d6 9. a4 Nh5 10. g3 Nf6 11. Bxf6 Bxf6 12. h4 Ne7 13. Nh2 d5 14. Bb3 Qd7 15. Qf3
c6 16. O-O Rd8 17. Rfd1 a5 18. Ndf1 d4 19. Qh5 Qe8 20. Nf3 dxc3 21. bxc3 Kh7 22.
Qxf7 Qxf7 23. Bxf7 g6 24. Ne3 b5 25. Kg2 h5 26. Bb3 Ra7 27. d4 exd4 28. cxd4 Bg4
29. e5 Bxf3+ 30. Kxf3 Bg7 31. Ke4 Nc8 32. Rac1 Ra6 33. f4 Rb6 34. f5 gxf5+ 35.
Nxf5 Bf8 36. axb5 cxb5 37. Rc7+ Kh8 1-0

[Event "St Louis Fall B 2022"]
[Site "Saint Louis USA"]
[Date "2022.11.07"]
[Round "6.1"]
[White "Harutyunyan, Tigran K."]
[Black "Kantor, Gergely"]
[Result "1-0"]
[WhiteTitle "GM"]
[BlackTitle "GM"]
[WhiteElo "2504"]
[BlackElo "2561"]
[WhiteFideId "13303635"]
[BlackFideId "751499"]
[EventDate "2022.11.02"]

1. d4 Nf6 2. c4 e6 3. Nc3 Bb4 4. a3 Bxc3+ 5. bxc3 c5 6. e3 b6 7. Bd3 Bb7 8. f3
Nc6 9. Ne2 O-O 10. e4 Ne8 11. O-O Na5 12. Ng3 cxd4 13. cxd4 Nd6 14. c5 bxc5 15.
dxc5 Ndc4 16. Bxc4 Nxc4 17. Qd4 Ba6 18. e5 f6 19. exf6 Qxf6 20. Rd1 Rfd8 21. Ne4
Qxd4+ 22. Rxd4 h6 23. Rb1 Rac8 24. h4 Rc6 25. Kh2 Kf8 26. Rb4 d5 27. cxd6 Nxd6
28. Be3 Ke8 29. Nxd6+ Rcxd6 30. Rg4 R6d7 31. Rg6 Bd3 32. Rxe6+ Kf7 33. Rc6 a6
34. Rg4 Rd6 35. Rc1 Bb5 36. a4 Bd3 37. Bf4 Rd5 38. Be3 R5d6 39. a5 R8d7 40. Bb6
Rg6 41. Rb4 Bb5 42. Rc2 Rc6 43. Rf4+ Rf6 44. Kg3 Rxf4 45. Kxf4 Kg6 46. g4 Rf7+
47. Kg3 Kh7 48. Bd4 Rd7 49. Bb2 Ba4 50. Rc5 Bb5 51. h5 Rd2 52. Be5 Rd3 53. Bb2
Rd2 54. Bc3 Rd1 55. Be5 Ba4 56. Rc7 Rd7 57. Rc4 Bb5 58. Rc1 Ba4 59. f4 Rd1 60.
Rc7 Rd7 61. Rc4 Bb5 62. Rc1 Be2 63. Kh4 Rb7 64. Rc6 Bb5 65. Re6 Bc4 66. Rd6 Re7
67. Rc6 Be2 68. Rc2 Bd3 69. Rc5 Rb7 70. g5 hxg5+ 71. fxg5 g6 72. h6 Bf5 73. Kg3
Rb3+ 74. Bc3 Rb7 75. Rc6 Ra7 76. Bf6 Bd7 77. Rd6 Be8 78. Rb6 Bf7 79. Rd6 Bc4 80.
Kf4 Rb7 81. Rc6 Bb5 82. Rc8 Be8 83. Rxe8 Rb4+ 84. Re4 Rb7 85. Re7+ Rxe7 86. Bxe7 1-0

[Event "St Louis Fall B 2022"]
[Site "Saint Louis USA"]
[Date "2022.11.07"]
[Round "6.2"]
[White "Yoo, Christopher Woojin"]
[Black "Lenderman, Aleksandr"]
[Result "0-1"]
[WhiteTitle "GM"]
[BlackTitle "GM"]
[WhiteElo "2573"]
[BlackElo "2550"]
[WhiteFideId "30909694"]
[BlackFideId "2021285"]
[EventDate "2022.11.02"]

1. e4 e5 2. Nf3 Nf6 3. d4 Nxe4 4. dxe5 d5 5. Nbd2 Qd7 6. Bd3 Nc5 7. O-O Nxd3 8.
cxd3 Be7 9. Re1 O-O 10. d4 Qg4 11. Nf1 Qg6 12. Qb3 Bg4 13. h3 Bxh3 14. Ng3 Bc8
15. Qxd5 Nc6 16. Qc4 Nb4 17. d5 Nc2 18. Be3 Nxa1 19. Rxa1 c6 20. d6 Bd8 21. a4
Qg4 22. Qxg4 Bxg4 23. Nh2 Bd7 24. a5 f6 25. f4 fxe5 26. fxe5 Bh4 27. Ne4 Rae8
28. Nf3 Bd8 29. Bxa7 Bg4 30. Ned2 g5 31. Nh2 Bd7 32. Bd4 g4 33. Nhf1 h5 34. Bc3
h4 35. Nb3 b6 36. a6 Bg5 37. a7 Ra8 38. Nbd2 Be6 39. Ne4 Bd8 40. Nf6+ Bxf6 41.
exf6 Rfd8 42. Be1 Rxd6 43. Bxh4 Rd7 44. Bf2 Raxa7 45. Rxa7 Rxa7 46. Bxb6 Ra4 47.
Bc7 Kf7 48. Be5 Re4 49. Bc3 Re2 50. Ng3 Rc2 51. Nh5 Bd5 52. g3 Re2 53. Bd4 Re4
54. Bc3 Re3 55. Kh2 Rd3 56. Kg1 Rf3 57. Bd4 Be4 58. Bc3 Bg6 59. Nf4 Rxg3+ 60.
Kh2 Rf3 61. Be5 Be4 62. Kg1 Bd5 63. Kh2 Re3 64. Bc3 Be4 65. Kg1 c5 66. Nh5 Rh3
67. Nf4 Rg3+ 68. Kh2 Rf3 69. Be5 c4 70. Kg1 Bc6 71. Kh2 Re3 72. Bc3 g3+ 73. Kg1
g2 74. Kh2 Re8 75. Kg1 Rh8 76. Kf2 Rh1 77. Nxg2 Rh2 78. Ke3 Rxg2 79. Kd4 Rg4+
80. Ke5 Bd7 81. Bb4 Be6 82. Be7 Rg2 83. Ba3 Re2+ 84. Kd4 Kxf6 0-1

[Event "St Louis Fall B 2022"]
[Site "Saint Louis USA"]
[Date "2022.11.07"]
[Round "6.3"]
[White "Sadhwani, Raunak"]
[Black "Kadric, Denis"]
[Result "0-1"]
[WhiteTitle "GM"]
[BlackTitle "GM"]
[WhiteElo "2628"]
[BlackElo "2582"]
[WhiteFideId "35093487"]
[BlackFideId "14403803"]
[EventDate "2022.11.02"]

1. d4 Nf6 2. c4 g6 3. Nc3 Bg7 4. e4 d6 5. Nf3 O-O 6. Be2 e5 7. O-O h6 8. Re1
Nbd7 9. Qc2 Re8 10. dxe5 dxe5 11. Be3 c6 12. Na4 Qc7 13. Rad1 b6 14. b4 Bf8 15.
c5 b5 16. Nc3 a5 17. a3 Nb8 18. h3 Kh7 19. g4 Be6 20. Qb2 Nbd7 21. Nd2 Be7 22.
Kh1 Nf8 23. Rg1 g5 24. h4 Ng6 25. hxg5 hxg5 26. Bxg5 Kg7 27. Rg2 Rh8+ 28. Kg1
Nh7 29. Be3 axb4 30. axb4 Ng5 31. Bxg5 Bxg5 32. Nf3 Bf4 33. Nd5 cxd5 34. exd5
Bc8 35. Bxb5 Rb8 36. Qe2 Qb7 37. Bd3 Qxb4 38. Qc2 Rh3 39. Bxg6 fxg6 40. Nd4 Rc3
41. Qe2 Qc4 42. Qe1 Rd3 43. Nc6 Rxd1 44. Qxd1 Qxd5 0-1

[Event "St Louis Fall B 2022"]
[Site "Saint Louis USA"]
[Date "2022.11.07"]
[Round "6.4"]
[White "Chirila, Ioan-Cristian"]
[Black "Mikaelyan, Arman"]
[Result "1-0"]
[WhiteTitle "GM"]
[BlackTitle "GM"]
[WhiteElo "2536"]
[BlackElo "2556"]
[WhiteFideId "1211668"]
[BlackFideId "13304852"]
[EventDate "2022.11.02"]

1. e4 e5 2. Nf3 Nc6 3. Bb5 a6 4. Ba4 Nf6 5. d3 b5 6. Bb3 Be7 7. O-O d6 8. c3 O-O
9. Re1 Na5 10. Bc2 c5 11. Nbd2 Nc6 12. Nf1 Re8 13. h3 h6 14. d4 cxd4 15. cxd4
exd4 16. Nxd4 Nxd4 17. Qxd4 Bb7 18. Bf4 Rc8 19. Qd1 d5 20. e5 Ne4 21. Ng3 Bb4
22. Nxe4 dxe4 23. Re2 Rc4 24. Bb3 Rd4 25. Qc2 Qd7 26. Rc1 Rc8 27. Qb1 Rxc1+ 28.
Qxc1 Bd5 29. Bxd5 Qxd5 30. Qc8+ Bf8 31. b3 g5 32. Bg3 Rd1+ 33. Kh2 Qd4 34. e6
Qa1 35. Bb8 Rh1+ 36. Kg3 Rc1 37. exf7+ Kg7 38. Qe6 Qc3+ 39. Re3 Qc6 40. Be5+ Kh7
41. Qe8 Qd5 42. Kh2 Kg6 43. Bb8 Kg7 44. Be5+ Kg6 45. Qxf8 Qxe5+ 46. Rg3 Qa1 47.
Qg8+ Kh5 48. Rxg5+ 1-0

[Event "St Louis Fall B 2022"]
[Site "Saint Louis USA"]
[Date "2022.11.07"]
[Round "6.5"]
[White "Jacobson, Brandon"]
[Black "Chandra, Akshat"]
[Result "1-0"]
[WhiteTitle "GM"]
[BlackTitle "GM"]
[WhiteElo "2551"]
[BlackElo "2472"]
[WhiteFideId "30901561"]
[BlackFideId "25006711"]
[EventDate "2022.11.02"]

1. d4 Nf6 2. c4 e6 3. Nc3 Bb4 4. e3 O-O 5. Nf3 d5 6. Bd2 b6 7. cxd5 exd5 8. Rc1
Re8 9. Bd3 Bb7 10. Nb5 Bxd2+ 11. Qxd2 Ne4 12. Qd1 c5 13. O-O a6 14. Nc3 Nxc3 15.
bxc3 c4 16. Bb1 Nc6 17. Nd2 b5 18. Re1 a5 19. e4 b4 20. exd5 Qxd5 21. Be4 Qb5
22. cxb4 Nxb4 23. a4 Qd7 24. Bxb7 Rxe1+ 25. Qxe1 Qxb7 26. Nxc4 h6 27. Qd1 Qe4
28. Ne3 Rd8 29. d5 f5 30. g3 f4 31. Rc4 1-0

[Event "St Louis Fall B 2022"]
[Site "Saint Louis USA"]
[Date "2022.11.08"]
[Round "7.1"]
[White "Kadric, Denis"]
[Black "Chirila, Ioan-Cristian"]
[Result "1/2-1/2"]
[WhiteTitle "GM"]
[BlackTitle "GM"]
[WhiteElo "2582"]
[BlackElo "2536"]
[WhiteFideId "14403803"]
[BlackFideId "1211668"]
[EventDate "2022.11.02"]

1. e4 e5 2. Nf3 Nf6 3. d4 Nxe4 4. Bd3 d5 5. Nxe5 Nd7 6. O-O Nxe5 7. dxe5 Nc5 8.
Be3 Nxd3 9. Qxd3 b6 10. Nc3 Be6 11. Rad1 c6 12. Ne2 Be7 13. f4 g6 14. Nd4 Qd7
15. f5 gxf5 16. Nxf5 Rg8 17. Nd4 Rg6 18. Nxe6 Qxe6 19. Qf5 Kd7 20. Qxf7 Qxe5 21.
Bd4 Qe4 22. Qf5+ Qxf5 23. Rxf5 Rf8 24. Rh5 Rf7 25. c4 Rg5 26. Rxg5 Bxg5 27. cxd5
c5 28. Bf2 Bf4 29. g3 Be5 30. b3 Kd6 31. Kg2 b5 32. g4 c4 33. b4 Rf4 34. Bxa7
Kd7 35. Re1 Bd6 36. Bc5 c3 37. Rc1 Rc4 38. Bxd6 Kxd6 39. Kf3 Kxd5 40. Ke3 Rxb4 1/2-1/2

[Event "St Louis Fall B 2022"]
[Site "Saint Louis USA"]
[Date "2022.11.08"]
[Round "7.2"]
[White "Lenderman, Aleksandr"]
[Black "Sadhwani, Raunak"]
[Result "1-0"]
[WhiteTitle "GM"]
[BlackTitle "GM"]
[WhiteElo "2550"]
[BlackElo "2628"]
[WhiteFideId "2021285"]
[BlackFideId "35093487"]
[EventDate "2022.11.02"]

1. d4 Nf6 2. c4 e6 3. Nf3 d5 4. Nc3 Nbd7 5. cxd5 exd5 6. Qc2 c6 7. Bf4 Nh5 8.
Bg5 Be7 9. Bxe7 Qxe7 10. e3 a5 11. Be2 O-O 12. O-O Nhf6 13. Nd2 Re8 14. Bd3 Nf8
15. Rae1 Bg4 16. h3 Bh5 17. f4 h6 18. g4 Bg6 19. f5 Bh7 20. Nf3 N8d7 21. Qg2 Kh8
22. Qg3 Bg8 23. h4 Ne4 24. Bxe4 dxe4 25. Nd2 f6 26. Ndxe4 Nb6 27. Nc5 Nd5 28.
Nxd5 Bxd5 29. a3 Rad8 30. Kh2 b6 31. Nd3 Bf7 32. g5 Rd5 33. gxh6 gxh6 34. Rg1
Rg8 35. Qf4 Qf8 36. Nf2 Rxg1 37. Rxg1 Rb5 38. Ne4 Rxb2+ 39. Kh3 Be8 40. h5 Rb3
41. Kh4 c5 42. Nd6 Bd7 43. Rg6 Rb1 44. Rxh6+ Kg8 45. Qg3+ 1-0

[Event "St Louis Fall B 2022"]
[Site "Saint Louis USA"]
[Date "2022.11.08"]
[Round "7.3"]
[White "Kantor, Gergely"]
[Black "Yoo, Christopher Woojin"]
[Result "1-0"]
[WhiteTitle "GM"]
[BlackTitle "GM"]
[WhiteElo "2561"]
[BlackElo "2573"]
[WhiteFideId "751499"]
[BlackFideId "30909694"]
[EventDate "2022.11.02"]

1. d4 Nf6 2. c4 e6 3. Nc3 Bb4 4. Qc2 O-O 5. e4 d6 6. e5 Nfd7 7. exd6 cxd6 8. Nf3
Nc6 9. Bd3 e5 10. dxe5 dxe5 11. Bg5 Qe8 12. Bxh7+ Kh8 13. Qe4 Nf6 14. Bxf6 gxf6
15. O-O-O Bxc3 16. bxc3 Qe6 17. Qh4 Kg7 18. Be4 Rh8 19. Qg3+ Qg4 20. c5 Na5 21.
Bd5 Bf5 22. Qxg4+ Bxg4 23. h3 Bf5 24. g4 Bg6 25. h4 Rhd8 26. c4 Rac8 27. h5 Bh7
28. h6+ Kf8 29. g5 e4 30. Nd2 Rxc5 31. Nxe4 Rdxd5 32. Rxd5 Rxc4+ 33. Kd2 Rxe4
34. Rxa5 Rd4+ 35. Ke3 Re4+ 36. Kd2 Rd4+ 37. Kc3 Rd3+ 38. Kc4 Rd8 39. gxf6 Kg8
40. Rxa7 Be4 41. Rh4 Bd5+ 42. Kc5 Be6 43. h7+ Kh8 44. Kb6 Rd6+ 45. Kc5 Rc6+ 46.
Kb4 Rc8 47. a3 b5 48. Kxb5 Bd7+ 49. Kb4 Re8 50. Kc3 Be6 51. a4 Rc8+ 52. Kd2 Rd8+
53. Ke3 Rb8 54. a5 Rb3+ 55. Kd2 Rb2+ 56. Kc1 Rb8 57. a6 Rc8+ 58. Kd2 Bc4 59. Re7
Bxa6 60. Rxf7 Bc4 61. Re7 Bf7 62. Rd4 Rf8 63. Red7 Kxh7 64. Rd8 Rxd8 65. Rxd8
Kg6 66. Rd6 Kf5 67. Ke3 Be8 68. Rb6 Ke5 69. Rb8 Bg6 70. Rf8 Bh5 71. Rh8 Bg6 72.
Rg8 Bf7 73. Rg7 Kxf6 74. Rxf7+ Kxf7 75. Kf4 Kg6 76. Ke5 Kg7 77. Ke6 1-0

[Event "St Louis Fall B 2022"]
[Site "Saint Louis USA"]
[Date "2022.11.08"]
[Round "7.4"]
[White "Chandra, Akshat"]
[Black "Harutyunyan, Tigran K."]
[Result "0-1"]
[WhiteTitle "GM"]
[BlackTitle "GM"]
[WhiteElo "2472"]
[BlackElo "2504"]
[WhiteFideId "25006711"]
[BlackFideId "13303635"]
[EventDate "2022.11.02"]

1. e4 e5 2. Nf3 Nc6 3. Bb5 a6 4. Ba4 Nf6 5. O-O Be7 6. Re1 b5 7. Bb3 O-O 8. a4
b4 9. a5 d6 10. d3 Be6 11. Bxe6 fxe6 12. c3 Rb8 13. Nbd2 Rb5 14. d4 bxc3 15.
bxc3 exd4 16. cxd4 Nxa5 17. Qc2 Nd7 18. Re3 c5 19. Qa2 Kh8 20. Qxe6 Nc6 21. Rea3
cxd4 22. Rxa6 Nc5 23. Qd5 Nb4 24. Qc4 Rb8 25. Ra7 Nxe4 26. Qe6 Nxd2 27. Bxd2 Bf6
28. Rd7 Qe8 29. Qxe8 Rfxe8 30. Rxd6 Nd3 31. Bg5 Bxg5 32. Nxg5 Nb4 33. h4 h6 34.
Ne6 d3 35. Ra7 d2 36. Ra1 Rbc8 37. Rf1 Rc1 38. Rxd2 Rxf1+ 39. Kxf1 Rxe6 40. h5
Nc6 41. g4 Kg8 42. Kg2 Kf7 43. Kg3 Ne5 44. Rd4 Ra6 45. Rf4+ Ke7 46. Rf5 Nf7 47.
f3 Ng5 48. Re5+ Ne6 49. Re3 Kf6 50. Rd3 Ke5 51. Re3+ Kd5 52. Rb3 Ra7 53. Rb5+
Kd4 54. Rb4+ Kc5 55. Re4 Kd5 56. Re3 Rb7 57. Ra3 Rc7 58. Ra5+ Rc5 59. Ra7 Rc3
60. Ra5+ Kd6 61. Ra6+ Ke5 62. Ra8 Ng5 63. Rf8 Ke6 64. Kg2 Ke7 65. Rf4 Rd3 66.
Kg3 Ne6 67. Re4 Kd6 68. Kg2 Kd5 69. Ra4 Ke5 70. Re4+ Kd6 71. Ra4 Nd4 72. Ra7
Nxf3 73. Rxg7 Ke5 74. Rf7 Ng5 75. Rf5+ Ke6 76. Ra5 Nf7 77. Ra6+ Ke5 78. Ra5+ Kf6
79. Ra6+ Rd6 80. Ra4 Kg5 81. Re4 Rd5 82. Re7 Ne5 83. Rg7+ Kf6 84. Rh7 Nf7 85.
Kg3 Rd8 0-1

[Event "St Louis Fall B 2022"]
[Site "Saint Louis USA"]
[Date "2022.11.08"]
[Round "7.5"]
[White "Mikaelyan, Arman"]
[Black "Jacobson, Brandon"]
[Result "1/2-1/2"]
[WhiteTitle "GM"]
[BlackTitle "GM"]
[WhiteElo "2556"]
[BlackElo "2551"]
[WhiteFideId "13304852"]
[BlackFideId "30901561"]
[EventDate "2022.11.02"]

1. d4 Nf6 2. c4 g6 3. Nc3 Bg7 4. e4 d6 5. f4 O-O 6. Nf3 c5 7. d5 e6 8. Be2 exd5
9. cxd5 Bg4 10. O-O Nbd7 11. h3 Bxf3 12. Bxf3 Re8 13. Qc2 c4 14. Be3 Qa5 15. Qf2
b6 16. Rae1 Rad8 17. Kh1 Nc5 18. Bxc5 Qxc5 19. Qxc5 bxc5 20. e5 dxe5 21. fxe5
Nd7 22. e6 Ne5 23. exf7+ Nxf7 24. Re6 Ng5 25. Rxe8+ Rxe8 26. Bg4 h5 27. Bd7 Re3
28. d6 Be5 29. Nd5 Rd3 30. Bb5 Bxd6 31. Bxc4 Rd4 32. b3 Kg7 33. Nc3 Be5 34. Re1
Bg3 35. Rd1 Rxd1+ 36. Nxd1 Ne4 37. Kg1 Kf6 38. Kf1 Nd2+ 39. Ke2 Nxc4 40. bxc4
Ke5 41. Ke3 Bh4 1/2-1/2

[Event "St Louis Fall B 2022"]
[Site "Saint Louis USA"]
[Date "2022.11.09"]
[Round "8.1"]
[White "Kadric, Denis"]
[Black "Lenderman, Aleksandr"]
[Result "1/2-1/2"]
[WhiteTitle "GM"]
[BlackTitle "GM"]
[WhiteElo "2582"]
[BlackElo "2550"]
[WhiteFideId "14403803"]
[BlackFideId "2021285"]
[EventDate "2022.11.02"]

1. Nf3 d5 2. g3 Nd7 3. Bg2 e5 4. O-O Ngf6 5. d3 Be7 6. Nbd2 O-O 7. e4 dxe4 8.
dxe4 c6 9. a4 a5 10. b3 Qc7 11. Bb2 Re8 12. Qe2 b6 13. Nc4 Ba6 14. Rfd1 Bc5 15.
Bh3 Ra7 16. Bc3 Bb4 17. Bxb4 axb4 18. Bxd7 Nxd7 19. Nfd2 Rea8 20. Qe3 b5 21.
axb5 Bxb5 22. Rxa7 Qxa7 23. Qxa7 Rxa7 24. Nd6 Be2 25. Re1 Bg4 26. f3 Be6 27.
N2c4 Kf8 28. Kf2 Ra2 29. Re2 f6 30. Rd2 Nc5 31. Ke3 Ra1 32. Nb2 Re1+ 33. Kf2 Rh1
34. Ke3 Re1+ 35. Kf2 Rh1 36. Ke3 Re1+ 37. Kf2 Rh1 38. Ke3 Re1+ 39. Kf2 Rh1 40.
Ke3 Re1+ 1/2-1/2

[Event "St Louis Fall B 2022"]
[Site "Saint Louis USA"]
[Date "2022.11.09"]
[Round "8.2"]
[White "Chirila, Ioan-Cristian"]
[Black "Jacobson, Brandon"]
[Result "1-0"]
[WhiteTitle "GM"]
[BlackTitle "GM"]
[WhiteElo "2536"]
[BlackElo "2551"]
[WhiteFideId "1211668"]
[BlackFideId "30901561"]
[EventDate "2022.11.02"]

1. e4 e5 2. Nf3 Nc6 3. Bb5 a6 4. Ba4 d6 5. c3 Bd7 6. d4 Nf6 7. O-O g6 8. Bc2 Bg7
9. h3 O-O 10. Be3 Qe7 11. Re1 b5 12. Nbd2 Na5 13. a4 Rfb8 14. b4 Nc6 15. axb5
axb5 16. Bd3 exd4 17. Rxa8 Rxa8 18. Nxd4 Nxd4 19. cxd4 Ra4 20. Qc2 c6 21. Rb1
Ne8 22. Nf3 Qd8 23. e5 Qa8 24. exd6 Nxd6 25. Ne5 Be8 26. Qc5 Bf8 27. Ng4 Nc4 28.
Nf6+ Kg7 29. Bh6+ Kxf6 30. Qxf8 Ra1 31. Rxa1 Qxa1+ 32. Kh2 Qa8 33. f4 Ke6 34.
Bg5 Qb8 35. Qe7+ Kd5 36. Qe4+ Kd6 37. Bxc4 1-0

[Event "St Louis Fall B 2022"]
[Site "Saint Louis USA"]
[Date "2022.11.09"]
[Round "8.3"]
[White "Harutyunyan, Tigran K."]
[Black "Mikaelyan, Arman"]
[Result "1-0"]
[WhiteTitle "GM"]
[BlackTitle "GM"]
[WhiteElo "2504"]
[BlackElo "2556"]
[WhiteFideId "13303635"]
[BlackFideId "13304852"]
[EventDate "2022.11.02"]

1. d4 d5 2. Nf3 Nf6 3. c4 c6 4. Nc3 e6 5. Qc2 dxc4 6. a4 c5 7. dxc5 Nc6 8. e4
Bxc5 9. Bxc4 Ng4 10. O-O O-O 11. Bf4 Nd4 12. Nxd4 Bxd4 13. Nb5 Qf6 14. Bg3 Bxb2
15. Rad1 Be5 16. f4 Bb8 17. Qe2 h5 18. h3 a6 19. e5 Qe7 20. hxg4 axb5 21. Bxb5
Ba7+ 22. Kh2 h4 23. Be1 Bc5 24. Rf3 Bb4 25. Bxb4 Qxb4 26. Qf2 g5 27. fxg5 Qe4
28. Re1 Qxg4 29. Ree3 Rd8 30. Rf4 Rd2 31. Be2 Qxg5 32. Rxh4 Kf8 33. Qf6 1-0